00483nam a2200169Ia 4500001001000000003000500010008004100015010001100056040000900067082001800076100001700094245008600111260002900197300001100226650004100237650003500278Para_7073CHAP220125s1985 xx 000 0 und d a205896 cCHAP aPA 632.96 D4y aDebach, Paul aControl biológico de las plagas de insectos y malas hierbas /c por Paul Debach aMéxico, D.F. :b CECSA a949 p. aControl biológico de malas hierbas aControl biológico de plagas